Las nuevas constituciones del mundo : Exposición sintética de las recientes Constituciones de España, Portugal, URSS y Yugoslavia /
Guardado en:
| Autor Principal: | |
|---|---|
| Formato: | Libro |
| Idioma: | Spanish |
| Publicado: |
Buenos Aires :
Plus Ultra,
1979.
|
| Materias: | |
| Etiquetas: |
Agregar Etiqueta
Sin Etiquetas, Sea el primero en etiquetar este registro!
|
| LEADER | 00644nam a22001695a 4500 | ||
|---|---|---|---|
| 001 | DER.der014568 | ||
| 005 | 20200212143048.0 | ||
| 008 | 200211s1979####ag#||||||||||||||#||spa|| | ||
| 082 | 0 | 4 | |a 342.4 |
| 100 | 1 | |a Linares Quintana, Segundo V. | |
| 245 | 1 | 0 | |a Las nuevas constituciones del mundo : |b Exposición sintética de las recientes Constituciones de España, Portugal, URSS y Yugoslavia / |c Segundo V. Linares Quintana. |
| 260 | |a Buenos Aires : |b Plus Ultra, |c 1979. | ||
| 300 | |a 120 p. ; |c 23 cm. | ||
| 650 | 7 | |a Derecho constitucional |2 SAIJ | |
| 650 | 7 | |a Derecho comparado |2 SAIJ | |
| 655 | 7 | |a Constituciones | |
| 859 | |a DERECHO |b BIB. DERECHO |h 342.4 |i LIN |k 6 |p 009858 | ||
